| 000 | 00488nam a22001697a 4500 | ||
|---|---|---|---|
| 005 | 20241106195308.0 | ||
| 008 | 241106b |||||||| |||| 00| 0 eng d | ||
| 020 | _a9780256189223 | ||
| 050 | _aQA76.5 HUT | ||
| 100 | _aHutchinson, Sarah E. | ||
| 245 |
_aMicrosoft PowerPoint 4.0 for Windows/ _cSarah E. Hutchinson & Glen J. Coulthard |
||
| 260 |
_aChicago _bIrwin _c1995 |
||
| 300 |
_aviii.143p. _bill. _c27.5cm |
||
| 650 | _2Microsoft | ||
| 700 | _aCoulthard, Glen J. | ||
| 942 |
_2lcc _cBK _n0 |
||
| 999 |
_c761 _d761 |
||